000 00336nam a2200133Ia 4500
008 240624s9999 xx 000 0 und d
041 _aeng
082 _a346.048 PRI
100 _aPRINCE KEVIN
245 _aART OF THE PATENT CELEBRATING OVER 200 Y
260 _c2011
_aUSA
_bGlassko Press
300 _a207 p.; 29 cm.
365 _c
_b38
999 _c28992
_d28992